000 01419nam a2200313 c 4500
003 BLK
005 20180422102005.0
008 180408b bul|||||r ||||||| ||bul||
010 _aKNG00060331000
040 _aBLK
041 _aBUL
_cBUL
072 7 _2bullib
_aС
_xСтаропечатен фонд
080 _aПолска литература
_b821.162.1
_x-32
_z821.162.1-32
100 1 _aКрашевски, Юзеф Игнаци
_eпърви автор
_9286822
700 1 _aКисимов, Пандели Хаджигеоргиев
_eпрев. от рум.
_9369306
700 1 _aТодоров, Н.
_e*
_9286823
139 _aКрашевски, Юзеф Игнаци
_bК 89
245 1 0 _aВарвара Убрих, калугерица в Краков
_bИстинска повест / Написана от И. К. ; Превел от румънски П. Кисимов ; Издава Н. Тодоров
_cЮзеф Игнаци Крашевски; прев. от рум. Пандели Хаджигеоргиев Кисимов; * Н. Тодоров.
257 _aBGR
260 Цариград
_c1873
_fЦариград : В печатницата на "Читалище"
300 _a[4], 124 с.
_c18 см
380 _aX
659 _aС
852 _aЦб Ст 4583 * 1466
856 4 _qpdf
_u
856 4 _qpdf
_u
942 _cKNG
_n0
944 _aCR
_c07.08.2014
_kХристина_Везирева
944 _aED
_c07.08.2014
_k
999 _c56351
_d56351